000 00573nam a2200229Ia 4500
008 160803s9999 xx 000 0 und d
020 _a0 590425951
100 _aKraus, Ruth
245 4 _aThe happy day /
245 _cby Ruth Krauss ; pictures by Marc Simont.
260 _aNew York :
260 _bScholastic Inc.
260 _c1949
300 _a28 unnumbered pages :
300 _billustrations ;
300 _c30 cm
650 _aAnimals --
650 _aSpring --
650 _xJuvenile fiction.
650 _xJuvenile fiction.
700 _a160
999 _c299130
_d299130